000 00496nam a2200169Ia 4500
999 _c6998
_d6998
003 OSt
005 20200116150445.0
008 190216s9999||||xx |||||||||||||| ||und||
040 _coclc
082 _a658.1511
_bRED/M
100 _aReddy, T S
_91211
245 0 _aManagement Accounting /
_cT S Reddy ; Y Hari Prasad Reddy
250 _a3rd ed.
260 _bMargham Publications,
_aChennai:
_c2005.
300 _a1031p
942 _cBK
_2ddc
_h658.1511
_iRED/M
_k658.1511
_mRED/M